01447 2200409 4500001002100000005001500021035002000036007000300056008004100059020002200100082001400122084001600136100003200152245027500184250003500459300004000494650001200534700002700546700003400573700002900607700002600636700003100662700003300693700003000726700002100756700002300777700003200800264003100832336002100863337003000884338002300914040002200937090002200959850001200981999002200993990002201015INLIS00000000090433620260401023437 a0010-0426000029ta260401s2025 yoia g ind d a978-634-272-025-704223a641.5 a641.5 KRI r0 aKrisno BudihartoePengarang10aResep kudapan potensi pangan lokal Maluku Utara :bmodifikasi makanan dan bahan pangan lokal Maluku Utara /cKrisno Budiharto, Fredy Utama, R. Agung Abdillah, Hanny Mandang, Hermalinda, Erika Malaranti, Fahmi Abdul Hamid, Sitti Salmiyah, Warda, Muhlisa, Astria Anggraeny aCetakan pertama: Desember 2025 aviii, 79 halaman :bgambar ;c20 cm 4aMasakan0 aFredy UtamaePengarang1 aAgung Abdillah, R.ePengarang0 aHanny MandangePengarang0 aHermalindaePengarang0 aErika MalarantiePengarang0 aFahmi Abdul HamidePengarang0 aSitti SalmiyahePengarang0 aWardaePengarang0 aMuhlisaePengarang0 aAstria AnggraenyePengarang31aSleman :bBukunesia,c2025 2rdacontentateks 2rdamediaatanpa perantara 2rdacarrieravolume aYOPDYOGbinderda aCB-D.11 2025-5930 aYOPDYOG aCB-D.11/2025-5930 aCB-D.11/2025-5930